000 00920nam a2200265Ia 4500
008 100315s9999 xx 000 0 und d
020 _a033 93342 7 
040 _cENGLISH 
082 _b6449 
_a658.71 
100 _a"Raghuram, G., Rangaraj, N "
245 _aLogistics Supply Chain Management : Cases & Concepts
260 _aNew Delhi 
_bMacMillan  
_c2006 
300 _a423 pg 
365 _eRupees 
_d
_b268.20 
366 _f10 
505 _gVinayak Gonjare 
520 _aInclude References Bibliography & Index 
530 _bBG-(Shubham Books) 1097/19-11-2007 
_a1097/19-11-2007 
536 _a01/04/2007-31/03/2008 
620 _a"Logistics, Supply Chain Management "
630 _aLogistics Supply Chain Management : Cases & Concepts
650 _aLogistics Supply Chain Management 
730 _aLogistics Supply Chain Management : Cases & Concepts
942 _cBOOK
999 _c481184
_d481181